000 00347nam a2200133Ia 4500
005 20251222143307.0
008 251222s9999||||xx |||||||||||||| ||spa||
020 _a950-808-302-6
082 _a370.7/L86
100 _aLópez Facal, Ramón
245 0 _aLa Formación Docente en El Profesorado de Historia
264 _bHomo Sapiens
942 _cLIB
999 _c15546
_d15546